Aristote naturaliste

Saved in:
Bibliografiske detaljer
Hovedforfatter: Manquat, Maurice (autor)
Format: Bog
Sprog:fransk
Udgivet: París, Francia Librairie Philosophique J. Vrin 1932
Serier:Cahiers de Philosophie de la Nature
Fag:
Tags: Tilføj Tag
Ingen Tags, Vær først til at tagge denne postø!

MARC

LEADER 00000nam a2200000 a 4500
001 UCY6426
003 CL-VaPUC
005 20241127085251.0
008 950526e19320000FR |||||||||||||||||fre|d
999 |c 233991  |d 233989 
040 |c Pontificia Universidad Católica de Valparaíso 
082 0 4 |a 185 MAN 1932  |2 21 
100 |a Manquat, Maurice  |e autor  |9 336349 
245 1 0 |a Aristote naturaliste 
260 |a París, Francia  |b Librairie Philosophique J. Vrin  |c 1932 
300 |a 125 páginas 
490 0 |a Cahiers de Philosophie de la Nature 
583 |a last modification  |c 19950526 00:00:00  |k Rodrigo Vera 
600 0 |a Aristóteles,  |d 384 a.C.- 322 a.C.  |9 194 
650 0 |a Filosofía   |9 223554 
650 0 |a Filosofía antigua   |9 255705 
650 0 |a Filosofía del espíritu  |9 320175 
650 0 |a Naturaleza humana   |9 308593 
650 0 |a Historia  |9 255047 
650 0 |a Metafísica  |9 265649 
651 0 |a Grecia  |9 265314 
942 |c BK  |2 ddc 
945 |d 19950526 00:00:00  |a oaravena 
952 |0 0  |1 0  |4 0  |6 185_000000000000000_MAN_1932  |7 0  |8 P  |9 239905  |a BIBEDU  |b BIBEDU  |c BIBEDU_PB  |d 2019-11-18  |i 150987K  |o 185 MAN 1932  |p 150987K  |r 2024-01-25  |w 2019-11-18  |y BK  |k FIL